| 000 | 00362nam a22001577a 4500 | ||
|---|---|---|---|
| 003 | CEME | ||
| 005 | 20210628202309.0 | ||
| 008 | 210302b xxu||||| |||| 00| 0 eng d | ||
| 040 | _c. | ||
| 082 | _a910.4 TAH | ||
| 100 |
_aMuhammad Dawood Tahir _959198 |
||
| 245 | _aAik safar aur sahailey | ||
| 260 |
_bPDF _c2001 |
||
| 650 |
_aURDU _916912 |
||
| 942 |
_cBK _2ddc |
||
| 999 |
_c569233 _d569233 |
||